<?xml version="1.0" encoding="UTF-8"?><?xml-stylesheet type="text/xsl" href="static/style.xsl"?><OAI-PMH xmlns="http://www.openarchives.org/OAI/2.0/" xmlns:xsi="http://www.w3.org/2001/XMLSchema-instance" xsi:schemaLocation="http://www.openarchives.org/OAI/2.0/ http://www.openarchives.org/OAI/2.0/OAI-PMH.xsd"><responseDate>2026-04-13T22:48:18Z</responseDate><request verb="GetRecord" identifier="oai:www.recercat.cat:2072/396655" metadataPrefix="marc">https://recercat.cat/oai/request</request><GetRecord><record><header><identifier>oai:recercat.cat:2072/396655</identifier><datestamp>2025-02-05T00:18:35Z</datestamp><setSpec>com_2072_98</setSpec><setSpec>col_2072_378192</setSpec></header><metadata><record xmlns="http://www.loc.gov/MARC21/slim" xmlns:dcterms="http://purl.org/dc/terms/" xmlns:xsi="http://www.w3.org/2001/XMLSchema-instance" xmlns:doc="http://www.lyncode.com/xoai" xsi:schemaLocation="http://www.loc.gov/MARC21/slim http://www.loc.gov/standards/marcxml/schema/MARC21slim.xsd">
   <leader>00925njm 22002777a 4500</leader>
   <datafield ind2=" " ind1=" " tag="042">
      <subfield code="a">dc</subfield>
   </datafield>
   <datafield ind2=" " ind1=" " tag="720">
      <subfield code="a">Barrientos Durán, Cristina</subfield>
      <subfield code="e">author</subfield>
   </datafield>
   <datafield ind2=" " ind1=" " tag="720">
      <subfield code="a">Valadez Ramírez, Alfonso A.</subfield>
      <subfield code="e">author</subfield>
   </datafield>
   <datafield ind2=" " ind1=" " tag="720">
      <subfield code="a">Bustos Aguayo, José Marcos</subfield>
      <subfield code="e">author</subfield>
   </datafield>
   <datafield ind2=" " ind1=" " tag="260">
      <subfield code="c">2012</subfield>
   </datafield>
   <datafield ind2=" " ind1=" " tag="520">
      <subfield code="a">Esta investigación tuvo como objetivo desarrollar una estrategia psicosocial para promover la separación de residuos en una institución universitaria. Se efectuó un estudio cuasi-experimental con un diseño pre-test-post-test con un grupo control y un experimental. La muestra se constituyó por 302 estudiantes, 125 del grupo control y 177 del grupo experi-mental, con edad promedio de 23 años (DE = 6.24). Después de que se proporcionó la infor-mación el grupo experimental incrementó sus puntajes significativamente, lo que corrobora la eficacia de las sesiones informativas como estrategias de tipo antecedente, en las que un grupo expuesto a información oral y visual incrementa su nivel de conocimientos. Se conclu-yó que la estrategia implementada fue eficaz para desarrollar conocimiento ambiental.</subfield>
   </datafield>
   <datafield ind2=" " ind1=" " tag="520">
      <subfield code="a">The main objective of this research is to develop a psychosocial strategy to promote waste separation in a University institution. It was carry out a quasi-experimental study with a pre-test post-test design, with a control group and one experimental. The sample were 302 students, 125 in control group, and 177 in the experimental group, with mean age of 23 years old (SD = 4.36). After that information was proportionate, the experimental group increased significantly its punctuation, and it's confirmed the efficacy of informative talks as an antecedent strategy, in which an exposed group to oral and visual information in-creases its knowledge level. It was concluded the implemented strategy was effective to develop environmental knowledge.</subfield>
   </datafield>
   <datafield tag="653" ind2=" " ind1=" ">
      <subfield code="a">Conducta proambiental</subfield>
   </datafield>
   <datafield tag="653" ind2=" " ind1=" ">
      <subfield code="a">Separació de residus</subfield>
   </datafield>
   <datafield tag="653" ind2=" " ind1=" ">
      <subfield code="a">Informació ambiental</subfield>
   </datafield>
   <datafield tag="653" ind2=" " ind1=" ">
      <subfield code="a">Separación de residuos</subfield>
   </datafield>
   <datafield tag="653" ind2=" " ind1=" ">
      <subfield code="a">Información ambiental</subfield>
   </datafield>
   <datafield tag="653" ind2=" " ind1=" ">
      <subfield code="a">Proenvironmental Behavior</subfield>
   </datafield>
   <datafield tag="653" ind2=" " ind1=" ">
      <subfield code="a">Waste Separation</subfield>
   </datafield>
   <datafield tag="653" ind2=" " ind1=" ">
      <subfield code="a">Environmental Knowledge</subfield>
   </datafield>
   <datafield ind2="0" ind1="0" tag="245">
      <subfield code="a">Efecto de la información sobre el conocimiento ambiental de separación de residuos en jóvenes universitarios</subfield>
   </datafield>
</record></metadata></record></GetRecord></OAI-PMH>